Modernizácia plniaceho automatu : Diplomová práca

Salvato in:
Dettagli Bibliografici
Autore principale: Čech, Peter (Autore)
Altri autori: Lorenc, Peter (xxx)
Natura: Manoscritto Libro
Lingua:slovacco
Pubblicazione: Trnava : STU v Bratislave MTF UVSM, 2008
Soggetti:
Tags: Aggiungi Tag
Nessun Tag, puoi essere il primo ad aggiungerne!!

MARC

LEADER 00000ntm a22000003a 4500
001 stu157914
005 20200715133252.3
008 080213s2008----xo------------------slo-d
040 |a STU  |b slo 
041 0 |a slo 
044 |a xo 
100 1 |a Čech, Peter  |4 aut 
245 1 |a Modernizácia plniaceho automatu :  |b Diplomová práca 
260 |a Trnava :  |b STU v Bratislave MTF UVSM,  |c 2008 
300 |a 67 s  |c príl., 1 CD-ROM 
500 |a Študijný program: Výrobné zariadenia a systémy 
650 7 |a montáž  |2 stusub 
650 7 |a montážne systémy  |2 stusub 
650 7 |a hydraulika  |2 stusub 
650 7 |a pneumatické systémy  |2 stusub 
700 1 |a Lorenc, Peter  |4 xxx 
700 1 |a Charbulová, Marcela  |4 csl  |u M170  |U MTF Ústav výrobných systémov a aplikovanej mechaniky  |T MTF Katedra technologických zariadení a systémov  |X 4306  |U M170  |Y M170  |7 A000004306 
996 |b 284M067239  |c M*DP-6977  |l MMSKP  |s P  |a 0  |w stu157914_0001